Volebný program NF okresu Rimavská Sobota na obdobie 1976-1981

Bibliographic Details
Format: Book
Language:Slovak
PhysicalDescription:41 s. tab. 29 cm
Published: Rimavská Sobota NF SSR 1977
Subjects:

MARC

LEADER 00000cam a2200000 a 4500
001 vtls001106471
003 SK-MaSNL
005 20260302031021.0
008 180814s1977 xo 00000 slo
015 |a SNBA1977 
035 |a SNK000049313 
040 |a SNK  |b slo  |c SNK  |e AACR2 
041 0 |a slo 
044 |a xo  |c SK 
080 |a 338.2(437.655)"1976/1981"(049)  |2 1981 
080 |a 329.71(437.655)"1976/1981"(049)  |2 1981 
080 |a 324(437)"1976"(049)  |2 1981 
245 0 0 |a Volebný program NF okresu Rimavská Sobota na obdobie 1976-1981 
260 |a Rimavská Sobota  |b NF SSR  |c 1977 
300 |a 41 s.  |b tab.  |c 29 cm 
610 1 0 |a Slovensko.  |b Národný front  |2 SNKKA  |9 419399 
648 7 |a 1976-1981  |2 SNKPH  |9 335719 
650 0 7 |a volebné programy  |2 SNKPH  |9 4514 
651 7 |a Rimavská Sobota (Slovensko : okres)  |2 SNKPH  |9 65043 
655 7 |a prehľady  |2 SNKPH  |9 70194 
958 |a OND 
958 |a BQ 
958 |a TL 
999 |c 1050331  |d 1052261 
952 |a SNK  |b SNK  |y PREZ  |7 0  |p 17A0925976  |o snkSB 25541  |i snkKSP 5393/77  |0 0  |1 0  |4 0  |d 2014-01-24  |f 1  |l 0  |r 2025-03-28 00:00:00  |w 2026-02-24 
952 |a SNK  |b SNK  |y VYP  |7 0  |o snkSB 25541 D1  |i snkKSP 11658/81  |0 0  |1 0  |4 0  |d 2014-01-24  |l 0  |r 2026-02-24 14:55:22  |w 2026-02-24